000 00727nam a2200289Ia 4500
005 20260324115943.0
008 008 260324s9999 xx 000 0 eng d
020 _a9781315753126
037 _aEBOOK
040 _aCRL
040 _beng
040 _cCRL
041 _2eng
041 _aeng
084 _qCRL
100 _aTomás Mario Kalmar
_91156646
245 0 _aIllegal Alphabets and Adult Biliteracy
245 0 _bLatino Migrants Crossing the Linguistic Border, Expanded Edition
260 _bTaylor and Francis
260 _c2015
365 _a
365 _b265
856 _uhttp://www.taylorfrancis.com/books/9781315753126
942 _cEBOOK
999 _c1747908
_d1747908